ბათუმის შოთა რუსთაველის სახელმწიფო უნივერსიტეტის ბიბლიოთეკა

ილია ჭავჭავაძე და ახალი აზროვნება : (ბიბ.ჩანაწერი № 60400)

000 -ლიდერი
ფიქსირებული სიგრძის საკონტროლო ველი 01408nam a22002417a 4500
003 - საკონტროლო ნომრის იდენტიფიკატორი
საკონტროლო ველი Ge_BSU
005 - ბოლო ოპერაციის თარიღი და დრო
საკონტროლო ველი 20230712110804.0
008 - ფიქსირებული სიგრძის მონაცემთა ელემენტები - ზოგადი ინფორმაცია
ფიქსირებული სიგრძის საკონტროლო ველი 230712s2010ge xxu||||| |||| 00| 0 geo d
020 ## - წიგნის საერთაშორისო სტანდარტული ნომერი
International Standard Book Number 9789941028496
041 ## - ენის კოდი
Language code of text/sound track or separate title geo
080 ## - უნივერსალური ათობითი კლასიფიკაციის ინდექსი
Universal Decimal Classification number 821.353.1(092ჭავჭავაძე, ი.) თ - 41
100 ## - მთავარი ჩანაწერი - პიროვნების სახელი
Personal name თევზაძე, გურამ
9 (RLIN) 19262
245 ## - ცნობა სათაურის შესახებ
Title ილია ჭავჭავაძე და ახალი აზროვნება :
Remainder of title შესაძლებლობა და სინამდვილე ი. ჭავჭავაძის ისტორიის ფილოსოფიაში /
Statement of responsibility, etc გურამ თევზაძე ; [რედ. ალექსანდრე ალადაშვილი]
264 ## - წარმოების, გამოცემის, დისტრიბუციის და სხვა ცნობები
გამოცემის, წარმოების, დისტრიბუციის... ადგილი [თბილისი] :
გამოცემის, წარმოების, დისტრიბუციის... სახელწოდება Carpe diem,
გამოცემის, წარმოების, დისტრიბუციის... თარიღი [2010].
300 ## - ფიზიკური აღწერა
Extent 48 გვ. ;
Other physical details 20 სმ.
500 ## - ზოგადი შენიშვნა
General note ეძღვნება საქ. მეცნ. ეროვნ. აკად. წევრის ზაზა ალექსიძის 75 წლისთავს.
501 ## - შენიშვნა თანმხლებ მასალაზე
With note შენიშვნ.: გვ. 40-44
520 ## - SUMMARY, ETC.
Summary, etc რეზ. ინგლ..
653 ## - INDEX TERM--UNCONTROLLED
Uncontrolled term ჭავჭავაძე, ილია
700 ## - ADDED ENTRY--PERSONAL NAME
Personal name ალადაშვილი, ალექსანდრე
Relator term რედაქტორი
9 (RLIN) 19263
710 ## - ADDED ENTRY--CORPORATE NAME
Corporate name or jurisdiction name as entry element საქ. მეცნ. ეროვნ. აკად
9 (RLIN) 19264
942 ## - ADDED ENTRY ELEMENTS (KOHA)
Source of classification or shelving scheme
Koha item type წიგნი
ეგზემპლარები
ჩამოწერის სტატუსი დაკარგული ეგზემპლარის სტატუსი კლასიფიკაციის წყარო ან თაროზე გაწყობის სქემა დაზიანების სტატუსი არ გაიცემა მუდმივი მდებარეობა (დაცვის ადგილი) ამჟამინდელი ადგილსამყოფელი თაროზე განთავსების ადგილი შეძენის თარიღი ღირებულება, შესყიდვის ნორმალური ფასი სრული შენახვის შიფრი შტრიხკოდი ბოლო ოპერაციის თარიღი ეგზემპლარის მიმდევრობითი ნომერი (კეტერი?) Uniform Resource Identifier ფასის ძალაში შესვლის თარიღი ეგზემპლარის სახეობა საჯარო შენიშვნა
          ბათუმის შოთა რუსთაველის სახელმწიფო უნივერსიტეტის მთავარი ბიბლიოთეკა ბათუმის შოთა რუსთაველის სახელმწიფო უნივერსიტეტის მთავარი ბიბლიოთეკა წიგნსაცავი 2023-07-12 3.00 821.353.1(092ჭავჭავაძე, ი.) თ - 41 64938 2023-07-12 64938 ბსუ-ს საპატიო დოქტორის გურამ ლორთქიფანიძის საჩუქარი 2023-07-12 წიგნი 3.00